000
00233nam a2200097Ia 4500
008
190216s9999||||xx |||||||||||||| ||und||
100
_a
Syril Meller
245
0
_a
Grammer Of Modern English
260
_b
Longman &green &co
942
_c
BK
999
_c
15191
_d
15191